Interim guidance for infection control for care of patients with confirmed or suspected swine influenza A (H1N1) virus infection in a healthcare setting.

Bibliographic Details
Corporate Author: Centers for Disease Control and Prevention (U.S.)
Format: Government Document Book
Language:English
Published: [tlanta, Ga.] : [Centers for Disease Control and Prevention], [2009]
Subjects:
Online Access:https://purl.fdlp.gov/GPO/LPS112142

MARC

Tag First Indicator Second Indicator Subfields
LEADER 00000cam a2200000Ka 4500
001 in00002492417
005 20211202191524.0
006 m d f
008 090501s2009 gau s f000 0 eng d
035 |a (OCoLC)ocn319860971 
040 |a GPO  |c GPO  |d MvI  |d UtOrBLW 
049 |a WWW 
074 |a 0505-A (online) 
086 0 |a HE 20.7008:SW 6/8 
110 2 |a Centers for Disease Control and Prevention (U.S.) 
245 1 0 |a Interim guidance for infection control for care of patients with confirmed or suspected swine influenza A (H1N1) virus infection in a healthcare setting. 
264 1 |a [tlanta, Ga.] :  |b [Centers for Disease Control and Prevention],  |c [2009] 
300 |a 1 electronic text :  |b HTML file. 
336 |a text  |b txt  |2 rdacontent 
337 |a computer  |b c  |2 rdamedia 
338 |a online resource  |b cr  |2 rdacarrier 
538 |a Mode of access: Internet from the CDC web site. Address as of 5/1/09: http://www.cdc.gov/h1n1flu/guidelines%5Finfection%5Fcontrol.htm ; current access available via PURL. 
500 |a Title from title screen (viewed on May 1, 2009). 
500 |a "April 29, 2009." 
500 |a Electronic resource. 
650 0 |a Swine influenza  |z United States  |x Prevention. 
650 0 |a Influenza viruses  |z United States. 
650 0 |a Health facilities  |x Sanitation  |z United States. 
856 4 0 |u https://purl.fdlp.gov/GPO/LPS112142  |t 0 
999 |a MARS 
999 f f |s 264fea94-ee05-3026-9fbb-bd5ae0d4baaa  |i 298141cf-7369-35ee-b0e4-77d5cc8edf91  |t 0 
952 f f |a Texas A&M University  |b College Station  |c Electronic Resources  |d Available Online  |t 0  |e HE 20.7008:SW 6/8  |h Superintendent of Documents classification 
998 f f |a HE 20.7008:SW 6/8  |t 0  |l Available Online